[Event "PRAGUE OPEN 2020 - A - IM open"]
[Site "?"]
[Date "2020.01.13"]
[Round "5"]
[White "Kakushadze, Ilia"]
[Black "Budnikov, Oleg"]
[Result "0-1"]
[BlackElo "2432"]
[WhiteElo "2149"]
[LiveChessVersion "1.4.8"]

1. e4 {[%clk 1:30:58]} e6 {[%clk 1:26:08]} 2. d4 {[%clk 1:31:18]} d5
{[%clk 1:26:33]} 3. Nd2 {[%clk 1:31:44]} Nf6 {[%clk 1:26:51]} 4. e5
{[%clk 1:32:09]} Nfd7 {[%clk 1:27:16]} 5. Bd3 {[%clk 1:32:31]} c5
{[%clk 1:27:40]} 6. c3 {[%clk 1:32:58]} Nc6 {[%clk 1:28:06]} 7. Ngf3
{[%clk 1:33:24]} f6 {[%clk 1:28:13]} 8. exf6 {[%clk 1:33:48]} Qxf6
{[%clk 1:28:26]} 9. O-O {[%clk 1:34:11]} Bd6 {[%clk 1:27:39]} 10. Re1
{[%clk 1:34:35]} h6 {[%clk 1:28:01]} 11. Qe2 {[%clk 1:27:01]} Kf7
{[%clk 1:23:30]} 12. Nh4 {[%clk 1:13:59]} Nf8 {[%clk 1:16:04]} 13. Ndf3
{[%clk 0:59:05]} cxd4 {[%clk 1:13:36]} 14. cxd4 {[%clk 0:59:31]} Kg8
{[%clk 1:13:00]} 15. g3 {[%clk 0:57:21]} Bd7 {[%clk 1:13:06]} 16. Ng2
{[%clk 0:54:58]} Be8 {[%clk 1:09:02]} 17. Bf4 {[%clk 0:47:59]} Bb4
{[%clk 1:07:25]} 18. Be5 {[%clk 0:46:00]} Qe7 {[%clk 1:06:53]} 19. Rec1
{[%clk 0:43:47]} Ng6 {[%clk 1:05:33]} 20. a3 {[%clk 0:42:05]} Ngxe5
{[%clk 1:04:25]} 21. Nxe5 {[%clk 0:42:23]} Nxd4 {[%clk 1:03:10]} 22. Qg4
{[%clk 0:40:06]} Bc5 {[%clk 1:03:33]} 23. Nf4 {[%clk 0:36:32]} h5
{[%clk 1:03:50]} 24. Qd1 {[%clk 0:35:00]} Rh6 {[%clk 1:03:55]} 25. Rc3
{[%clk 0:33:10]} Bb6 {[%clk 1:01:00]} 26. Rac1 {[%clk 0:32:44]} Nc6
{[%clk 1:00:45]} 27. Nxc6 {[%clk 0:25:39]} bxc6 {[%clk 1:00:56]} 28. Rxc6
{[%clk 0:25:34]} Bxc6 {[%clk 1:01:19]} 29. Rxc6 {[%clk 0:26:03]} Rf8
{[%clk 0:59:35]} 30. Ng6 {[%clk 0:17:45]} Rxg6 {[%clk 0:59:24]} 31. Bxg6
{[%clk 0:18:11]} Qf6 {[%clk 0:58:31]} 32. Qc2 {[%clk 0:13:50]} Bxf2+
{[%clk 0:58:47]} 33. Kg2 {[%clk 0:14:16]} Qf3+ {[%clk 0:58:56]} 34. Kh3
{[%clk 0:14:38]} Bd4 {[%clk 0:57:11]} 35. Qd3 {[%clk 0:12:39]} Qg4+
{[%clk 0:56:05]} 36. Kg2 {[%clk 0:13:07]} e5 {[%clk 0:56:13]} 37. Rc2
{[%clk 0:12:23]} h4 {[%clk 0:51:35]} 38. h3 {[%clk 0:12:24]} Qg5 {[%clk 0:51:53]}
39. g4 {[%clk 0:10:37]} Qf4 40. Bf5 {[%clk 0:10:59]} Kh8 {[%clk 0:50:57]} 41. a4
{[%clk 0:07:10]} g6 {[%clk 0:43:53]} 42. Bxg6 {[%clk 0:02:42]} Be3
{[%clk 0:44:00]} 43. Bf5 {[%clk 0:01:43]} Qg3+ {[%clk 0:43:24]} 44. Kf1
{[%clk 0:02:07]} e4 {[%clk 0:43:39]} 45. Qa6 {[%clk 0:29:47]} Qg1+
{[%clk 1:13:36]} 46. Ke2 {[%clk 0:30:15]} d4 {[%clk 1:13:54]} 0-1

[Event "PRAGUE OPEN 2020 - A - IM open"]
[Site "?"]
[Date "2020.01.13"]
[Round "5"]
[White "Low, Zhen Yu Cyrus"]
[Black "Riha, Vojtech"]
[Result "1-0"]
[BlackElo "2247"]
[WhiteElo "2415"]
[LiveChessVersion "1.4.8"]

1. e4 {[%clk 1:30:57]} c5 {[%clk 1:30:54]} 2. Nc3 {[%clk 1:31:21]} Nc6
{[%clk 1:31:02]} 3. Bb5 {[%clk 1:31:42]} g6 {[%clk 1:30:34]} 4. Bxc6
{[%clk 1:32:04]} dxc6 {[%clk 1:30:55]} 5. d3 {[%clk 1:32:28]} e5 {[%clk 1:29:47]}
6. Be3 {[%clk 1:32:48]} Qe7 {[%clk 1:28:32]} 7. Qd2 {[%clk 1:33:04]} Nf6
{[%clk 1:27:23]} 8. h3 {[%clk 1:33:25]} Be6 {[%clk 1:25:52]} 9. b3
{[%clk 1:28:39]} h6 {[%clk 1:24:54]} 10. Nge2 {[%clk 1:28:09]} Bg7
{[%clk 1:21:25]} 11. O-O {[%clk 1:28:28]} g5 {[%clk 1:15:41]} 12. a3
{[%clk 1:23:40]} O-O {[%clk 1:09:14]} 13. Ng3 {[%clk 1:15:11]} Rfd8
{[%clk 1:06:40]} 14. Qe2 {[%clk 1:13:26]} b6 {[%clk 1:04:29]} 15. Bd2
{[%clk 1:06:15]} Qd7 {[%clk 0:59:05]} 16. Nd1 {[%clk 1:05:32]} Ne8
{[%clk 0:57:22]} 17. Bc3 {[%clk 1:00:07]} Nd6 {[%clk 0:55:42]} 18. a4
{[%clk 1:00:21]} a5 {[%clk 0:53:33]} 19. Ne3 {[%clk 1:00:31]} f6 {[%clk 0:52:45]}
20. Kh2 {[%clk 0:54:39]} Ra7 {[%clk 0:51:54]} 21. Nh5 {[%clk 0:52:33]} Qf7
{[%clk 0:50:28]} 22. Qf3 {[%clk 0:51:48]} Qg6 {[%clk 0:49:35]} 23. Ng3
{[%clk 0:50:58]} Rf7 {[%clk 0:46:51]} 24. Rab1 {[%clk 0:48:08]} Kh7
{[%clk 0:43:42]} 25. Nc4 {[%clk 0:44:55]} g4 {[%clk 0:40:45]} 26. Qe2
{[%clk 0:39:19]} h5 {[%clk 0:33:49]} 27. h4 {[%clk 0:39:29]} Nc8 {[%clk 0:32:10]}
28. f4 {[%clk 0:38:05]} exf4 {[%clk 0:24:31]} 29. Rxf4 {[%clk 0:37:13]} Bh6
{[%clk 0:23:55]} 30. Rf2 {[%clk 0:34:33]} Rdf8 {[%clk 0:19:43]} 31. Rbf1
{[%clk 0:32:15]} Bg7 {[%clk 0:16:08]} 32. Ne3 {[%clk 0:27:44]} Bh6
{[%clk 0:12:42]} 33. Nef5 {[%clk 0:27:33]} Bg7 {[%clk 0:12:22]} 34. Qe3
{[%clk 0:27:23]} Bh8 {[%clk 0:11:08]} 35. Ne2 {[%clk 0:23:33]} Bxf5
{[%clk 0:10:19]} 36. exf5 {[%clk 0:23:43]} Qh6 {[%clk 0:09:32]} 37. Qxh6+
{[%clk 0:23:04]} Kxh6 {[%clk 0:09:56]} 38. Ng3 {[%clk 0:20:58]} Re8
{[%clk 0:09:24]} 39. Bd2+ {[%clk 0:21:11]} Kh7 {[%clk 0:09:38]} 40. Nxh5
{[%clk 0:21:34]} Nd6 {[%clk 0:06:57]} 41. Kg3 {[%clk 0:19:50]} Bg7
{[%clk 0:04:51]} 42. Kxg4 {[%clk 0:17:49]} Bh6 {[%clk 0:04:25]} 43. Bc3 Bg7 44.
g3 {[%clk 0:13:53]} Re3 {[%clk 0:02:26]} 45. Bd2 {[%clk 0:13:53]} Re5
{[%clk 0:01:05]} 46. Kh3 {[%clk 0:13:34]} b5 {[%clk 0:28:35]} 47. g4
{[%clk 0:42:12]} c4 {[%clk 0:28:33]} 48. bxc4 {[%clk 0:40:46]} bxc4
{[%clk 0:28:53]} 49. Bc3 {[%clk 0:41:00]} Re3+ {[%clk 0:28:11]} 50. Rf3
{[%clk 0:41:22]} Re2 {[%clk 0:28:09]} 51. R1f2 {[%clk 0:41:42]} cxd3
{[%clk 0:27:05]} 52. cxd3 {[%clk 0:41:55]} Rxf2 {[%clk 0:26:50]} 53. Rxf2
{[%clk 0:42:23]} Re7 {[%clk 0:26:44]} 54. Bxf6 {[%clk 0:41:41]} Re3+
{[%clk 0:25:33]} 55. Kg2 {[%clk 0:42:02]} Bxf6 {[%clk 0:25:13]} 56. Nxf6+
{[%clk 0:42:22]} Kg7 {[%clk 0:24:24]} 57. Nh5+ {[%clk 0:42:42]} Kf7
{[%clk 0:24:48]} 58. Rf3 {[%clk 0:40:20]} Re2+ {[%clk 0:24:26]} 59. Kg3
{[%clk 0:40:33]} Ra2 {[%clk 0:24:42]} 60. g5 {[%clk 0:40:51]} Rxa4
{[%clk 0:23:42]} 61. g6+ {[%clk 0:41:14]} Kf8 {[%clk 0:23:36]} 62. f6
{[%clk 0:41:13]} Ra1 {[%clk 0:23:32]} 63. Kh2 {[%clk 0:41:15]} Ra4
{[%clk 0:22:45]} 64. Kh3 {[%clk 0:41:33]} Rd4 {[%clk 0:22:15]} 65. f7
{[%clk 0:41:40]} 1-0

[Event "PRAGUE OPEN 2020 - A - IM open"]
[Site "?"]
[Date "2020.01.13"]
[Round "5"]
[White "Kristiansen, Willy M"]
[Black "Lalic, Bogdan"]
[Result "0-1"]
[BlackElo "2402"]
[WhiteElo "2137"]
[LiveChessVersion "1.4.8"]

1. d4 {[%clk 1:29:48]} Nf6 {[%clk 1:30:50]} 2. c4 {[%clk 1:30:07]} e6
{[%clk 1:31:11]} 3. g3 {[%clk 1:30:14]} c5 {[%clk 1:31:29]} 4. d5
{[%clk 1:30:17]} exd5 {[%clk 1:31:48]} 5. cxd5 {[%clk 1:30:39]} d6
{[%clk 1:32:11]} 6. Nc3 {[%clk 1:30:55]} g6 {[%clk 1:32:31]} 7. Bg2
{[%clk 1:31:17]} Bg7 {[%clk 1:32:47]} 8. Nf3 {[%clk 1:31:37]} O-O
{[%clk 1:33:00]} 9. O-O {[%clk 1:31:59]} Re8 {[%clk 1:33:21]} 10. Bf4
{[%clk 1:30:39]} h6 {[%clk 1:33:30]} 11. a4 {[%clk 1:27:00]} g5 {[%clk 1:29:53]}
12. Bd2 {[%clk 1:26:02]} Bf5 {[%clk 1:30:11]} 13. h4 {[%clk 1:24:34]} g4
{[%clk 1:30:34]} 14. Nh2 {[%clk 1:24:37]} Nbd7 {[%clk 1:20:22]} 15. Re1
{[%clk 1:23:21]} Ne5 {[%clk 1:17:40]} 16. e4 {[%clk 1:22:47]} Bg6
{[%clk 1:18:02]} 17. Bf4 {[%clk 1:21:05]} h5 {[%clk 1:17:40]} 18. Bxe5
{[%clk 1:17:17]} Rxe5 {[%clk 1:18:03]} 19. f4 {[%clk 1:17:33]} gxf3
{[%clk 1:18:24]} 20. Nxf3 {[%clk 1:17:36]} Rxe4 {[%clk 0:55:17]} 21. Nxe4
{[%clk 1:16:27]} Nxe4 {[%clk 0:55:41]} 22. Ne5 {[%clk 0:59:29]} Nxg3
{[%clk 0:50:57]} 23. Nxg6 {[%clk 0:57:15]} fxg6 {[%clk 0:51:22]} 24. Ra3
{[%clk 0:41:34]} Qxh4 {[%clk 0:47:36]} 25. Bf3 {[%clk 0:33:59]} Rf8
{[%clk 0:45:16]} 26. Kg2 {[%clk 0:33:18]} Qg5 {[%clk 0:44:04]} 27. Kh3
{[%clk 0:31:18]} Rf4 {[%clk 0:43:16]} 0-1

[Event "PRAGUE OPEN 2020 - A - IM open"]
[Site "?"]
[Date "2020.01.13"]
[Round "5"]
[White "Peng, Hongchi"]
[Black "Balinski, Damian"]
[Result "1-0"]
[BlackElo "2139"]
[WhiteElo "2362"]
[LiveChessVersion "1.4.8"]

1. e4 {[%clk 1:30:56]} d6 {[%clk 1:30:58]} 2. d4 {[%clk 1:31:17]} Nf6
{[%clk 1:31:25]} 3. Nc3 {[%clk 1:31:38]} g6 {[%clk 1:31:52]} 4. f4
{[%clk 1:32:02]} Bg7 {[%clk 1:32:16]} 5. Bd3 {[%clk 1:32:26]} O-O
{[%clk 1:32:37]} 6. Nf3 {[%clk 1:32:54]} Nc6 {[%clk 1:32:56]} 7. e5
{[%clk 1:32:27]} dxe5 {[%clk 1:33:12]} 8. dxe5 {[%clk 1:32:46]} Nd5
{[%clk 1:33:27]} 9. Nxd5 {[%clk 1:33:04]} Qxd5 {[%clk 1:33:51]} 10. Qe2
{[%clk 1:33:23]} Bg4 {[%clk 1:33:46]} 11. Be4 {[%clk 1:32:50]} Qa5+
{[%clk 1:34:13]} 12. Bd2 {[%clk 1:32:19]} Qb6 {[%clk 1:34:34]} 13. O-O-O
{[%clk 1:30:15]} Nd4 {[%clk 1:35:00]} 14. Qe1 {[%clk 1:24:55]} a5
{[%clk 1:27:06]} 15. Be3 {[%clk 1:16:52]} c5 {[%clk 1:25:30]} 16. Qf2
{[%clk 1:16:36]} Rad8 {[%clk 0:42:51]} 17. c3 {[%clk 1:14:20]} Nxf3
{[%clk 0:32:21]} 18. gxf3 {[%clk 1:14:28]} Be6 {[%clk 0:32:44]} 19. Bxc5
{[%clk 1:10:36]} Qb5 {[%clk 0:31:03]} 20. Bxe7 {[%clk 1:05:17]} Rxd1+
{[%clk 0:31:27]} 21. Rxd1 {[%clk 1:05:44]} Rc8 {[%clk 0:31:33]} 22. Bb1
{[%clk 0:53:38]} Qe8 {[%clk 0:24:08]} 23. Bf6 {[%clk 0:42:34]} Bxf6
{[%clk 0:16:27]} 24. exf6 {[%clk 0:42:17]} Qb5 {[%clk 0:15:37]} 25. Qd4
{[%clk 0:41:27]} h5 {[%clk 0:14:11]} 26. Re1 {[%clk 0:37:52]} Qc4
{[%clk 0:06:27]} 27. Qe3 {[%clk 0:36:45]} Rc5 {[%clk 0:01:46]} 28. f5
{[%clk 0:36:18]} Bxf5 {[%clk 0:01:32]} 29. Qh6 {[%clk 0:36:26]} 1-0

[Event "PRAGUE OPEN 2020 - A - IM open"]
[Site "?"]
[Date "2020.01.13"]
[Round "5"]
[White "Malovanyi, Yulian"]
[Black "Kvaloy, Aksel Bu"]
[Result "1/2-1/2"]
[BlackElo "2132"]
[WhiteElo "2360"]
[LiveChessVersion "1.4.8"]

1. e4 {[%clk 1:28:12]} c5 {[%clk 1:30:48]} 2. Nc3 {[%clk 1:28:25]} d6
{[%clk 1:31:09]} 3. Nge2 {[%clk 1:28:43]} Nc6 {[%clk 1:29:11]} 4. g3
{[%clk 1:23:43]} g6 {[%clk 1:28:19]} 5. Bg2 {[%clk 1:21:00]} Bg7 {[%clk 1:28:03]}
6. O-O {[%clk 1:21:22]} Rb8 {[%clk 1:25:31]} 7. a4 {[%clk 1:20:37]} a6
{[%clk 1:24:47]} 8. f4 {[%clk 1:16:26]} e6 {[%clk 1:23:47]} 9. d3
{[%clk 1:14:59]} Nge7 {[%clk 1:23:22]} 10. Be3 {[%clk 1:13:56]} Nd4
{[%clk 1:22:25]} 11. Bf2 {[%clk 0:57:47]} Nec6 {[%clk 1:13:09]} 12. Nxd4
{[%clk 0:56:22]} Nxd4 {[%clk 1:13:17]} 13. Nb1 {[%clk 0:55:45]} O-O
{[%clk 1:03:34]} 14. c3 {[%clk 0:54:56]} Nc6 {[%clk 1:03:50]} 15. Nd2
{[%clk 0:51:23]} b6 {[%clk 0:48:48]} 16. e5 {[%clk 0:36:32]} Bb7 {[%clk 0:41:16]}
17. exd6 {[%clk 0:36:09]} Qxd6 {[%clk 0:40:00]} 18. Nc4 {[%clk 0:34:22]} Qc7
{[%clk 0:36:55]} 19. Qc2 {[%clk 0:30:02]} Ne7 {[%clk 0:27:42]} 20. Bxb7
{[%clk 0:27:26]} Rxb7 {[%clk 0:26:46]} 21. a5 {[%clk 0:26:37]} b5
{[%clk 0:26:18]} 22. Nd2 {[%clk 0:26:57]} Qc8 {[%clk 0:20:59]} 23. Ne4
{[%clk 0:26:46]} Rc7 {[%clk 0:20:07]} 24. Rfd1 {[%clk 0:24:41]} Rd8
{[%clk 0:19:02]} 25. Rd2 {[%clk 0:20:29]} Nf5 {[%clk 0:16:19]} 26. Rad1
{[%clk 0:19:50]} Nd6 {[%clk 0:14:22]} 27. Nxd6 {[%clk 0:18:44]} Rxd6
{[%clk 0:14:47]} 28. d4 {[%clk 0:18:29]} cxd4 {[%clk 0:13:47]} 29. Bxd4
{[%clk 0:18:46]} Bxd4+ {[%clk 0:14:09]} 30. Rxd4 {[%clk 0:19:09]} Rxd4
{[%clk 0:14:27]} 31. Rxd4 {[%clk 0:19:27]} Rd7 {[%clk 0:14:05]} 32. Qf2
{[%clk 0:18:19]} Qd8 {[%clk 0:11:58]} 33. Rxd7 {[%clk 0:16:57]} Qxd7
{[%clk 0:12:25]} 34. h4 {[%clk 0:16:52]} Qd1+ {[%clk 0:11:12]} 35. Kh2
{[%clk 0:16:55]} h5 {[%clk 0:10:08]} 36. Kg2 {[%clk 0:16:00]} Qa1
{[%clk 0:08:40]} 37. Qd2 {[%clk 0:14:24]} Qxa5 {[%clk 0:08:23]} 38. b4
{[%clk 0:13:37]} Qc7 {[%clk 0:07:38]} 39. Kh2 {[%clk 0:13:22]} a5
{[%clk 0:05:49]} 40. bxa5 {[%clk 0:13:18]} Qxa5 {[%clk 0:06:09]} 41. Kg1
{[%clk 0:11:53]} Qa7+ {[%clk 0:05:31]} 42. Kh2 {[%clk 0:11:59]} Qc5
{[%clk 0:04:50]} 43. Qd8+ {[%clk 0:12:24]} Kg7 {[%clk 0:04:51]} 44. Qd2
{[%clk 0:12:47]} Qb6 {[%clk 0:03:13]} 45. Qb2 {[%clk 0:13:01]} Kh7
{[%clk 0:02:41]} 46. Qd2 {[%clk 0:13:00]} Qc5 {[%clk 0:02:21]} 47. Qe1
{[%clk 0:12:57]} Kg8 {[%clk 0:01:59]} 48. Qd2 {[%clk 0:13:21]} e5
{[%clk 0:01:12]} 49. fxe5 {[%clk 0:13:33]} Qxe5 {[%clk 0:01:36]} 50. Qd8+
{[%clk 0:13:20]} Kh7 {[%clk 0:01:40]} 51. Qd2 {[%clk 0:13:37]} Kg7
{[%clk 0:01:19]} 52. Kg2 {[%clk 0:13:37]} Kh7 {[%clk 0:01:20]} 1/2-1/2

[Event "PRAGUE OPEN 2020 - A - IM open"]
[Site "?"]
[Date "2020.01.13"]
[Round "5"]
[White "Vignesh, B"]
[Black "Mis, Mieszko"]
[Result "1-0"]
[BlackElo "2349"]
[WhiteElo "2250"]
[LiveChessVersion "1.4.8"]

1. e4 {[%clk 1:30:55]} c5 {[%clk 1:30:43]} 2. Nf3 {[%clk 1:31:17]} e6
{[%clk 1:31:06]} 3. d4 {[%clk 1:31:41]} cxd4 {[%clk 1:31:32]} 4. Nxd4
{[%clk 1:32:03]} Nc6 {[%clk 1:31:57]} 5. Nc3 {[%clk 1:32:18]} Qc7
{[%clk 1:32:21]} 6. Be2 {[%clk 1:31:52]} a6 {[%clk 1:32:34]} 7. Be3
{[%clk 1:30:24]} Nf6 {[%clk 1:30:56]} 8. O-O {[%clk 1:29:57]} Be7
{[%clk 1:31:23]} 9. f4 {[%clk 1:30:14]} d6 {[%clk 1:31:49]} 10. a4
{[%clk 1:30:38]} O-O {[%clk 1:30:07]} 11. Kh1 {[%clk 1:31:00]} Bd7
{[%clk 1:28:45]} 12. Nb3 {[%clk 1:31:27]} Nb4 {[%clk 1:19:37]} 13. a5
{[%clk 1:26:16]} d5 {[%clk 1:06:44]} 14. Bb6 {[%clk 1:21:22]} Qc8
{[%clk 1:06:16]} 15. e5 {[%clk 1:21:13]} Ne4 {[%clk 1:06:28]} 16. Nxe4
{[%clk 1:21:31]} dxe4 {[%clk 1:06:51]} 17. c4 {[%clk 1:21:56]} Qe8
{[%clk 0:47:03]} 18. Nc5 {[%clk 1:18:47]} Bc6 {[%clk 0:41:49]} 19. Qb3
{[%clk 1:11:13]} Nd3 {[%clk 0:41:54]} 20. Nxd3 {[%clk 1:11:04]} exd3
{[%clk 0:42:21]} 21. Qxd3 {[%clk 1:08:54]} Bd8 {[%clk 0:42:28]} 22. Bg1
{[%clk 1:03:27]} Bc7 {[%clk 0:37:56]} 23. Bf3 {[%clk 1:03:16]} Rd8
{[%clk 0:36:59]} 24. Qa3 {[%clk 1:00:35]} f6 {[%clk 0:35:14]} 25. Bc5
{[%clk 1:00:00]} Rf7 {[%clk 0:35:34]} 26. Bd6 {[%clk 1:00:10]} Bxf3
{[%clk 0:31:41]} 27. Rxf3 {[%clk 1:00:27]} fxe5 {[%clk 0:24:51]} 28. fxe5
{[%clk 1:00:54]} Rdd7 {[%clk 0:23:21]} 29. Raf1 {[%clk 0:58:01]} Rxf3
{[%clk 0:20:15]} 30. Qxf3 {[%clk 0:58:12]} Bxd6 {[%clk 0:20:12]} 31. exd6
{[%clk 0:58:40]} Rxd6 {[%clk 0:20:30]} 32. Qxb7 {[%clk 0:59:00]} e5
{[%clk 0:20:41]} 33. c5 {[%clk 0:58:07]} Rc6 {[%clk 0:19:51]} 34. Qb3+
{[%clk 0:58:18]} Qe6 {[%clk 0:17:42]} 35. Qxe6+ {[%clk 0:56:10]} Rxe6
{[%clk 0:18:04]} 36. Kg1 {[%clk 0:56:29]} Re8 {[%clk 0:16:47]} 37. Rd1
{[%clk 0:53:27]} Rb8 {[%clk 0:13:22]} 38. c6 {[%clk 0:52:37]} Rc8
{[%clk 0:12:37]} 39. Rc1 {[%clk 0:51:07]} Rc7 {[%clk 0:09:39]} 40. b4
{[%clk 0:51:26]} Kf7 {[%clk 0:10:04]} 41. b5 {[%clk 0:51:40]} axb5
{[%clk 0:10:32]} 42. a6 {[%clk 0:52:08]} Ke6 {[%clk 0:03:43]} 43. a7
{[%clk 0:52:07]} Rc8 {[%clk 0:04:08]} 44. c7 {[%clk 0:52:28]} b4 {[%clk 0:01:46]}
45. a8=Q {[%clk 0:52:46]} Rxa8 {[%clk 0:02:04]} 46. c8=Q+ {[%clk 0:53:09]} Rxc8
{[%clk 0:02:31]} 47. Rxc8 {[%clk 0:53:32]} Kd5 {[%clk 0:02:48]} 48. Kf2
{[%clk 0:53:43]} Kd4 {[%clk 0:02:58]} 49. Rd8+ {[%clk 0:53:41]} Kc3
{[%clk 0:03:00]} 50. Ke3 {[%clk 0:54:08]} b3 {[%clk 0:03:25]} 51. Rc8+
{[%clk 0:54:33]} Kb2 {[%clk 0:03:48]} 52. Rc7 {[%clk 0:54:41]} Ka2
{[%clk 0:02:50]} 53. Ra7+ {[%clk 0:55:02]} Kb1 {[%clk 0:03:14]} 54. Rxg7
{[%clk 0:55:27]} 1-0

[Event "PRAGUE OPEN 2020 - A - IM open"]
[Site "?"]
[Date "2020.01.13"]
[Round "5"]
[White "Priehoda, Vitezslav"]
[Black "Hajiyev, Kanan"]
[Result "1/2-1/2"]
[BlackElo "1996"]
[WhiteElo "2341"]
[LiveChessVersion "1.4.8"]

1. d4 {[%clk 1:30:57]} d5 {[%clk 1:30:52]} 2. c4 {[%clk 1:31:23]} c6
{[%clk 1:31:02]} 3. Nf3 {[%clk 1:31:47]} Nf6 {[%clk 1:31:18]} 4. Nc3
{[%clk 1:32:14]} g6 {[%clk 1:31:31]} 5. cxd5 {[%clk 1:32:32]} cxd5
{[%clk 1:31:41]} 6. Bf4 {[%clk 1:32:57]} Bg7 {[%clk 1:32:05]} 7. e3
{[%clk 1:33:22]} O-O {[%clk 1:32:27]} 8. Bd3 {[%clk 1:33:46]} Nc6
{[%clk 1:26:27]} 9. h3 {[%clk 1:34:06]} Qb6 {[%clk 1:18:36]} 10. a3
{[%clk 1:30:49]} Bf5 {[%clk 1:13:51]} 11. O-O {[%clk 1:09:06]} Bxd3
{[%clk 1:13:33]} 12. Qxd3 {[%clk 1:09:31]} Rfc8 {[%clk 1:09:53]} 13. b4
{[%clk 1:04:35]} e6 {[%clk 1:03:44]} 14. Rfc1 {[%clk 0:56:20]} Qd8
{[%clk 1:00:29]} 15. Nd2 {[%clk 0:39:10]} Nd7 {[%clk 0:55:53]} 16. Nb3
{[%clk 0:38:21]} Nb6 {[%clk 0:48:07]} 17. b5 {[%clk 0:36:22]} Ne7
{[%clk 0:41:38]} 18. Nc5 {[%clk 0:31:12]} e5 {[%clk 0:41:37]} 19. Bh2
{[%clk 0:31:38]} exd4 {[%clk 0:32:33]} 20. exd4 {[%clk 0:32:04]} Nf5
{[%clk 0:32:57]} 21. Nxb7 {[%clk 0:30:17]} Qe7 {[%clk 0:33:03]} 22. Na5
{[%clk 0:30:42]} Nxd4 {[%clk 0:32:12]} 23. Kh1 {[%clk 0:21:27]} Rxc3
{[%clk 0:28:40]} 24. Qxc3 {[%clk 0:19:55]} Ne2 {[%clk 0:21:59]} 25. Qe1
{[%clk 0:18:46]} Re8 {[%clk 0:22:16]} 26. Nc6 {[%clk 0:18:08]} Qd7
{[%clk 0:17:25]} 27. Rc2 {[%clk 0:09:55]} Bxa1 {[%clk 0:15:41]} 28. Rxe2
{[%clk 0:05:42]} Rxe2 {[%clk 0:15:49]} 29. Qxe2 {[%clk 0:06:07]} Bf6
{[%clk 0:15:28]} 30. Qd3 {[%clk 0:03:29]} 1/2-1/2

[Event "PRAGUE OPEN 2020 - A - IM open"]
[Site "?"]
[Date "2020.01.13"]
[Round "5"]
[White "Pushkov, Nikolai"]
[Black "Domogaev, Sergey"]
[Result "1/2-1/2"]
[BlackElo "2334"]
[WhiteElo "2239"]
[LiveChessVersion "1.4.8"]

1. Nf3 {[%clk 1:30:49]} Nf6 {[%clk 1:30:46]} 2. c4 {[%clk 1:31:11]} e6
{[%clk 1:30:52]} 3. d4 {[%clk 1:31:18]} d5 {[%clk 1:31:17]} 4. Nc3
{[%clk 1:31:34]} Be7 {[%clk 1:31:40]} 5. Bg5 {[%clk 1:31:33]} Nbd7
{[%clk 1:31:03]} 6. e3 {[%clk 1:31:50]} h6 {[%clk 1:31:22]} 7. Bh4
{[%clk 1:32:01]} O-O {[%clk 1:31:48]} 8. cxd5 {[%clk 1:29:18]} Nxd5
{[%clk 1:31:38]} 9. Bxe7 {[%clk 1:27:00]} Qxe7 {[%clk 1:31:51]} 10. Nxd5
{[%clk 1:26:28]} exd5 {[%clk 1:32:11]} 11. Bd3 {[%clk 1:26:23]} c5
{[%clk 1:24:49]} 1/2-1/2

[Event "PRAGUE OPEN 2020 - A - IM open"]
[Site "?"]
[Date "2020.01.13"]
[Round "5"]
[White "Ludvik, Tomas"]
[Black "Wang, Yukun"]
[Result "0-1"]
[BlackElo "1990"]
[WhiteElo "2272"]
[LiveChessVersion "1.4.8"]

1. d4 {[%clk 1:27:33]} d5 {[%clk 1:30:56]} 2. c4 {[%clk 1:27:49]} c6
{[%clk 1:31:22]} 3. Nf3 {[%clk 1:28:06]} Nf6 {[%clk 1:31:48]} 4. Nc3
{[%clk 1:28:30]} e6 {[%clk 1:32:14]} 5. e3 {[%clk 1:28:26]} Nbd7 {[%clk 1:32:38]}
6. Qc2 {[%clk 1:28:50]} Bd6 {[%clk 1:33:00]} 7. Bd3 {[%clk 1:29:14]} dxc4
{[%clk 1:25:17]} 8. Bxc4 {[%clk 1:29:19]} O-O {[%clk 1:25:43]} 9. O-O
{[%clk 1:29:41]} Qe7 {[%clk 1:26:00]} 10. Rd1 {[%clk 1:29:28]} e5
{[%clk 1:23:43]} 11. h3 {[%clk 1:29:15]} e4 {[%clk 1:10:51]} 12. Ng5
{[%clk 1:21:56]} Nb6 {[%clk 1:11:00]} 13. Bb3 {[%clk 1:21:59]} Bf5
{[%clk 1:03:07]} 14. f3 {[%clk 1:21:09]} Rae8 {[%clk 0:59:37]} 15. Ngxe4
{[%clk 1:03:25]} Nxe4 {[%clk 0:59:47]} 16. fxe4 {[%clk 1:03:38]} Bxe4
{[%clk 1:00:14]} 17. Nxe4 {[%clk 1:03:11]} Qxe4 {[%clk 1:00:40]} 18. Qxe4
{[%clk 1:00:22]} Rxe4 {[%clk 1:01:05]} 19. Bc2 {[%clk 0:53:47]} Re6
{[%clk 1:00:15]} 20. e4 {[%clk 0:52:39]} Rd8 {[%clk 0:58:53]} 21. e5
{[%clk 0:26:36]} Be7 {[%clk 0:58:15]} 22. Be3 {[%clk 0:19:15]} g6
{[%clk 0:58:30]} 23. Bb3 {[%clk 0:18:50]} Nd5 {[%clk 0:58:58]} 24. Bf2
{[%clk 0:18:54]} f6 {[%clk 0:58:59]} 25. Re1 {[%clk 0:17:53]} Bb4
{[%clk 0:58:39]} 26. Re4 {[%clk 0:16:18]} Rd7 {[%clk 0:57:12]} 27. Rd1
{[%clk 0:11:19]} Ba5 {[%clk 0:57:22]} 28. Bh4 {[%clk 0:09:19]} f5
{[%clk 0:57:41]} 29. Re2 {[%clk 0:09:34]} Bb6 {[%clk 0:57:57]} 30. Kh1
{[%clk 0:09:17]} Kg7 {[%clk 0:58:04]} 31. Bf6+ {[%clk 0:08:42]} Kf7
{[%clk 0:58:21]} 32. Bg5 {[%clk 0:08:44]} Bd8 {[%clk 0:58:35]} 33. Bxd8
{[%clk 0:06:58]} Rxd8 {[%clk 0:59:04]} 34. Rf1 {[%clk 0:06:49]} Kg7
{[%clk 0:59:23]} 35. Ref2 {[%clk 0:05:00]} Re7 {[%clk 0:59:52]} 36. g4
{[%clk 0:03:49]} fxg4 {[%clk 1:00:21]} 37. hxg4 {[%clk 0:03:56]} Rdd7
{[%clk 1:00:50]} 38. Rf3 {[%clk 0:01:18]} g5 {[%clk 1:00:11]} 39. Rf5
{[%clk 0:00:59]} h6 {[%clk 1:00:38]} 40. R1f3 {[%clk 0:01:18]} Nf4
{[%clk 1:00:50]} 41. Re3 {[%clk 0:24:37]} Rxd4 {[%clk 1:19:52]} 42. e6
{[%clk 0:23:49]} Ng6 {[%clk 1:19:42]} 43. Rf7+ {[%clk 0:20:37]} Rxf7
{[%clk 1:20:07]} 44. exf7 {[%clk 0:21:04]} Rxg4 {[%clk 1:19:57]} 45. a3
{[%clk 0:16:51]} a5 {[%clk 1:19:12]} 46. Re8 {[%clk 0:16:44]} Nf8
{[%clk 1:19:41]} 47. Rb8 {[%clk 0:15:56]} b5 {[%clk 1:11:58]} 48. Rb6
{[%clk 0:13:06]} Re4 {[%clk 1:11:47]} 49. Rxc6 {[%clk 0:13:07]} Re2
{[%clk 1:11:48]} 50. Rb6 {[%clk 0:10:00]} a4 {[%clk 1:12:01]} 51. Bd5
{[%clk 0:09:48]} Rxb2 {[%clk 1:12:29]} 52. Bc4 {[%clk 0:07:47]} Rc2
{[%clk 1:09:55]} 53. Bxb5 {[%clk 0:06:12]} Rb2 {[%clk 1:10:24]} 54. Rb7
{[%clk 0:06:03]} Nd7 {[%clk 1:10:30]} 55. Kg1 {[%clk 0:02:09]} Ne5
{[%clk 1:10:41]} 56. Kf1 {[%clk 0:00:49]} h5 {[%clk 1:10:00]} 57. Bc6
{[%clk 0:00:40]} Rxb7 {[%clk 1:09:44]} 58. Bxb7 {[%clk 0:01:09]} Kxf7
{[%clk 1:10:08]} 59. Ba6 {[%clk 0:01:00]} Nd7 {[%clk 1:10:22]} 60. Bb5
{[%clk 0:00:55]} Nc5 {[%clk 1:10:46]} 61. Kg2 {[%clk 0:01:10]} Kg6
{[%clk 1:09:38]} 62. Be8+ {[%clk 0:01:28]} Kh6 {[%clk 1:10:00]} 63. Kf3
{[%clk 0:00:37]} g4+ {[%clk 1:09:56]} 64. Kf4 {[%clk 0:00:50]} Nd3+
{[%clk 1:06:59]} 65. Kg3 {[%clk 0:00:33]} Kg5 {[%clk 1:05:07]} 66. Bxa4
{[%clk 0:01:02]} h4+ {[%clk 1:05:32]} 67. Kh2 {[%clk 0:00:33]} Kf4
{[%clk 1:05:59]} 68. Bc6 {[%clk 0:00:50]} Ne5 {[%clk 1:06:27]} 69. Bg2
{[%clk 0:00:32]} Nf3+ {[%clk 1:06:45]} 70. Kh1 {[%clk 0:00:54]} h3
{[%clk 1:07:00]} 71. Bf1 {[%clk 0:00:58]} Nd2 {[%clk 1:07:26]} 72. Bb5
{[%clk 0:01:05]} g3 {[%clk 1:07:40]} 73. Bd7 {[%clk 0:00:39]} g2+
{[%clk 1:08:03]} 0-1